| 000 | 00761nam a2200265 a 4500 | ||
|---|---|---|---|
| 005 | 20210219153447.0 | ||
| 008 | 991125n 000 0 u | ||
| 035 | _aUPN01000101121 | ||
| 100 | 1 | _aPalmer, Carolyn J | |
| 222 | _aNASPA JOURNAL | ||
| 245 | _aStudent knowledge of information mandated by the 1989 amendments to the drug free schools and communities act | ||
| 300 | _a30-38 | ||
| 362 | 0 | _a1992 Vol. 30, no. 1 | |
| 505 | _aMarzo 1993 | ||
| 653 | 0 | _aACTITUDES DEL ESTUDIANTE | |
| 653 | 0 | _aLEGISLACION FEDERAL | |
| 653 | 0 | _aNIVEL DE CONOCIMIENTOS | |
| 653 | 0 | _aUSO DE DROGAS | |
| 700 | 1 | _aGehring, Donald D., | |
| 700 | 1 | _ecoaut. | |
| 700 | 1 | _aGuthrie, Victoria L., | |
| 700 | 1 | _ecoaut. | |
| 904 |
_aAC _b038932 |
||
| 905 | _aArticulo | ||
| 999 |
_c77457 _d77457 |
||